Pumps and pumping; (Record no. 545791)
[ view plain ]
| 000 -LEADER | |
|---|---|
| fixed length control field | 00688cam a2200157 4500 |
| 082 ## - DEWEY DECIMAL CLASSIFICATION NUMBER | |
| Classification number | 621.6 |
| Author Mark | MOL |
| -- | L-23, P-8 |
| 100 1# - MAIN ENTRY--PERSONAL NAME | |
| Personal name | Molloy, Edward. |
| 9 (RLIN) | 41713 |
| 245 10 - TITLE STATEMENT | |
| Title | Pumps and pumping; |
| Remainder of title | a practical manual on the operation, installation, and maintenance of reciprocating, centrifugal, and rotary pumps. |
| Statement of responsibility, etc. | Prepared by a staff of technical experts under the direction of E. Molloy. With one hundred illustrations. |
| 260 ## - PUBLICATION, DISTRIBUTION, ETC. | |
| Place of publication, distribution, etc. | Brooklyn, N.Y., |
| Name of publisher, distributor, etc. | Chemical Pub. Co., |
| Date of publication, distribution, etc. | 1941. |
| 300 ## - PHYSICAL DESCRIPTION | |
| Extent | 104 p. |
| Other physical details | illus., diagrs. |
| Dimensions | 22 cm. |
| 490 1# - SERIES STATEMENT | |
| Series statement | The "Complete engineer" series, |
| 526 ## - STUDY PROGRAM INFORMATION NOTE | |
| Program name | 0 |
| Interest level | 0 |
| Reading level | 0 |
| Title point value | 621_600000000000000_MOL |
| 650 #0 - SUBJECT ADDED ENTRY--TOPICAL TERM | |
| Topical term or geographic name entry element | MCE |
| 9 (RLIN) | 379 |
| 650 #0 - SUBJECT ADDED ENTRY--TOPICAL TERM | |
| Topical term or geographic name entry element | Pumping machinery. |
| 9 (RLIN) | 3452 |
| 942 ## - ADDED ENTRY ELEMENTS (KOHA) | |
| Source of classification or shelving scheme | |
| Koha item type | Book |
| Withdrawn status | Lost status | Source of classification or shelving scheme | Damaged status | Not for loan | Permanent Location | Current Location | Date acquired | Total Checkouts | Full call number | Barcode | Date last seen | Price effective from | Koha item type |
|---|---|---|---|---|---|---|---|---|---|---|---|---|---|
| Military College of Engineering (MCE) | Military College of Engineering (MCE) | 05/29/2014 | 621.6 MOL | MCE-29471 | 05/29/2014 | 05/29/2014 | Book |
